00457cam a22001457a 450000500170000000800410001701000100005801100100006803500100007810000240008824500730011226000410018530000100022650200750023620220329141920.0980602d1998 mx r 00110 spa d a75664 a76636 a8622200aRíos Cruz, Jorge.10aUso del nescafé en las regiones tropicalesc/por Jorge Ríos Cruz aChapingo, Méx. :bEl autor,c1998. a41 h. aTesis (Ing. Agr. Esp. en Zootecnia) -- UACH. Departamento de Zootecnia